Derecho penal /
Obra de derecho penal dividida en dos partes: Parte I, parte general (nociones básicas). -- Parte II, parte especial: (delitos en particular): 1) Delitos de daño contra la vida y la integridad corporal; 2) Delitos de peligro efectivo y presunto; 3) Delito de peligro contra la salud (pública); 4) Del...
محفوظ في:
| المؤلف الرئيسي: | |
|---|---|
| التنسيق: | كتاب |
| اللغة: | الإسبانية |
| منشور في: |
México :
Oxford University,
2009, c2005
|
| الطبعة: | 3a edición |
| سلاسل: | (Textos Jurídicos Universitarios)
|
| الموضوعات: | |
| الوسوم: |
لا توجد وسوم, كن أول من يضع وسما على هذه التسجيلة!
|
MARC
| LEADER | 00000nam^a2200000^a^4500 | ||
|---|---|---|---|
| 001 | 000304687 | ||
| 005 | 20250521000000.0 | ||
| 009 | 20260310112725.15 | ||
| 020 | |a 978-970-613-806-4 | ||
| 020 | |a 970-613-806-4 | ||
| 037 | |a Acervo ITESO - Biblioteca | ||
| 041 | |a ESP | ||
| 082 | |a 345. 72 |b AMU | ||
| 100 | |a Amuchátegui Requena, Irma Griselda |e (autor) | ||
| 245 | 1 | 0 | |a Derecho penal / |c I.G. Amuchátegui Requena. |
| 250 | |a 3a edición | ||
| 264 | 4 | |a México : |b Oxford University, |c 2009, c2005 | |
| 300 | |a XXX, 538 p. | ||
| 336 | |a texto |b txt |2 rdacontenido | ||
| 337 | |a sin mediación |b n |2 rdamedio | ||
| 338 | |a volumen |b nc |2 rdasoporte | ||
| 440 | 1 | |a (Textos Jurídicos Universitarios) | |
| 520 | |a Obra de derecho penal dividida en dos partes: Parte I, parte general (nociones básicas). -- Parte II, parte especial: (delitos en particular): 1) Delitos de daño contra la vida y la integridad corporal; 2) Delitos de peligro efectivo y presunto; 3) Delito de peligro contra la salud (pública); 4) Delitos contra la libertad y el normal desarrollo psicosexual; 5) Delitos contra la familia; 6) Delitos patrimoniales. | ||
| 521 | |a 2011 BO Licenciatura en Derecho | ||
| 649 | |a XX | ||
| 650 | |a Delitos Sexuales - |z México | ||
| 650 | |a Delitos contra la Persona - |z México | ||
| 650 | |a Delitos contra la Propiedad - |z México | ||
| 650 | |a Delitos contra la Salud - |z México | ||
| 650 | |a Delitos - |z México | ||
| 650 | |a Derecho Procesal Penal - |z México | ||
| 650 | |a Derecho Penal - |z México - |x Tema Principal | ||
| 650 | |a Derecho Público - |z México | ||
| 910 | |a Fondo General | ||
| 920 | |a Impresos - Libros | ||
| 930 | |a Colección General | ||
| 905 | |a 101 | ||
| 901 | |a 0500190680 |b IT1 |c ACC |i D52681 |u 20250521 | ||
| 902 | |a https://opac.biblio.iteso.mx/vufind/Record/000304687 | ||